Beyond Cartesian Dualism : Encountering Affect in the Teaching and Learning of Science. /

Salvato in:
Dettagli Bibliografici
Autore principale: William W. Cobern, Ken Tobin, Henry Brown-Acquay, Mariona Espinet, Gurol Irzik, Olugbemiro Jegede, Lilia Reyes Herrera, Marrisa Rollnick, Svein Sjøberg, Hsiao-lin Tuan, . Steve Alsop (edición)
Natura: Libro
Lingua:inglese
Pubblicazione: Dordrecht, Holanda : Springer, 2005, c2005
Serie:(Contemporary Trends and Issues in Science Education)
Accesso online:Ver documento en línea
Tags: Aggiungi Tag
Nessun Tag, puoi essere il primo ad aggiungerne!!

MARC

LEADER 00000nam^a22000000a04500
001 000599926
009 20260411195207.207
020 |a 978-1-4020-3808-2 
022 |a 1878-0784 
037 |a Acervo ITESO - Biblioteca 
041 |a ING 
082 |a Libro en línea 
100 |a William W. Cobern, Ken Tobin, Henry Brown-Acquay, Mariona Espinet, Gurol Irzik, Olugbemiro Jegede, Lilia Reyes Herrera, Marrisa Rollnick, Svein Sjøberg, Hsiao-lin Tuan, . Steve Alsop  |e (edición) 
245 |a Beyond Cartesian Dualism :  |b Encountering Affect in the Teaching and Learning of Science. / 
264 4 |a Dordrecht, Holanda :  |b Springer,  |c 2005, c2005 
264 2 |a Cham, Suiza :  |b Springer Link [distribución],  |c 2025 
300 |a 1 libro electrónico en línea (XVI, 198 p.) 
300 |a 1 recurso en línea 
336 |a datos para computadora  |b cod  |2 rdacontenido 
337 |a computadora  |b c  |2 rdamedio 
338 |a recurso en línea  |b cr  |2 rdasoporte 
440 |a (Contemporary Trends and Issues in Science Education) 
506 0 |a Licencias ilimitadas 
567 |a Catalogación rápida 
649 |a XX 
856 4 0 |u https://link-springer-com.ezproxy.iteso.mx/10.1007/1-4020-3808-9  |y Ver documento en línea 
910 |a Fondo General 
920 |a Electrónicos - Libros en Línea 
930 |a Plataforma Digital 
905 |a 205 
902 |a https://opac.biblio.iteso.mx/vufind/Record/000599926